Category Elimination - African Countries - Statistics

General Stats
  • This quiz has been taken 5,029 times
  • The average score is 11 of 16
Answer Stats
Group # Category % Correct
Green 37 Countries that have land in the Northern Hemisphere
99%
Green 18 ... with a population between 3 million and 25 million
98%
Orange 39 Countries that are not landlocked
94%
Green 6 ... that end in a consonant
91%
Orange 21 ... whose capital is at least 7 letters long
91%
Blue 36 Countries at least 7 letters long
89%
Blue 18 ... with a population of less than 10 million
82%
Purple 31 Countries smaller than Spain
81%
Purple 15 ... that start with a letter after “K”
76%
Orange 7 ... that starts with a letter before “H”
75%
Purple 7 ... whose capital is south of the Equator
69%
Blue 4 ... without blue on their flag
47%
Orange 1 ... that is entirely east of Athens Djibouti
38%
Green 1 ... whose capital starts with “B” Central African Republic
35%
Purple 1 ... with a population of over 15 million Malawi
27%
Blue 1 ... that is bigger than Iraq Mauritania
22%
No matching quizzes found
Score Distribution
Percent of People with Each Score
Percentile by Number Answered
Your Score History
You have not taken this quiz